| 000 | 00592cam a2200205ua 4500 | ||
|---|---|---|---|
| 001 | 452 | ||
| 005 | 20260515113152.0 | ||
| 008 | 110406n ii |||gr||||Z||||||eng | ||
| 020 | _a81-207-0718-4 | ||
| 040 | _cMAIN | ||
| 082 | _a320.5 | ||
| 245 |
_aContemporary political theory. : _bnew dimensions, basic concepts and major trends. / _cBy J C Johari. |
||
| 250 | _a2nd. | ||
| 260 |
_aNew Delhi.: _bSterling publishers., _c2003. |
||
| 300 | _axv, 756 p.:6 cm. | ||
| 653 | _aPolitical science. | ||
| 653 | _aContemporary political theory. | ||
| 700 | 1 |
_aJohari, J C., _eauthor., |
|
| 942 | _cBK | ||
| 999 |
_c395 _d395 |
||